Kdo seje květák, sklízí karfiól : příběh nejen pro frustrované /

Main Author: Pohanka, Michal, 1974-
Language: Czech
Published: Praha : Rodiče, 2004
Edition: Vyd. 1.
Online Access: Digitalizovaný dokument
Physical Description: 122 s. ; 19 cm
Book
Saved in:
LEADER 01116nam a2200301 a 4500
001 000746320
003 CZ BrMZK
005 20041119071254.0
007 ta
008 041027s2004 xr er 000 j cze d
015 |a cnb001448334 
020 |a 80-86695-55-7  |q (váz.) :  |c Kč 125,00 
035 |a (OCoLC)85122123 
040 |a BOA001  |b cze 
072 7 |a 821.162.3-3  |x Česká próza  |2 Konspekt  |9 25 
080 |a 821.162.3-32  |2 MRF 
080 |a (0:82-32)  |2 MRF 
100 1 |a Pohanka, Michal,  |d 1974-  |7 xx0026437  |4 aut 
245 1 0 |a Kdo seje květák, sklízí karfiól :  |b příběh nejen pro frustrované /  |c Michal Pohanka 
250 |a Vyd. 1. 
260 |a Praha :  |b Rodiče,  |c 2004 
300 |a 122 s. ;  |c 19 cm 
500 |a Dostupné též v digitální podobě v aplikaci Kramerius 
655 7 |a české příběhy  |7 fd133973  |2 czenas 
856 4 1 |u http://www.digitalniknihovna.cz/mzk/uuid/uuid:f76d7fe0-6bfb-11e5-9e57-005056827e52  |y Digitalizovaný dokument  |x NDK 
910 |a BOA001  |b 1-1136.982 
990 |a BK 
996 6 |b 2610231136  |c 1-1136.982  |l MZK  |r Sklad / do 1 hodiny  |n 0  |p p.v.  |w 000746320  |u 000010  |a 1  |e BOA001  |j MZK50  |s P